000 01715cam a22004934a 4500
001 muse84741
003 MdBmJHUP
005 20210127151547.0
006 m o d
007 cr||||||||nn|n
008 010209s1994 mx o 00 0 spa d
010 _z 00436582
020 _a9786076288733
020 _z968164526X
020 _z9789681645267
035 _a(OCoLC)1109623818
040 _aMdBmJHUP
_cMdBmJHUP
043 _an-mx---
_an-us---
050 0 4 _aJL1240
_b.P74 1994
082 0 _a352.23/5/0972
_221
245 0 0 _aPresidencialismo y sistema político
_bMéxico y los Estados Unidos /
_cAlicia Hernández Chávez, coordinadora.
250 _a1. ed.
264 1 _bFondo de Cultura Económica,
264 3 _bProject MUSE,
300 _a1 online resource (184 p.)
490 0 _aSerie Estudios / Fideicomiso Historia de las Americas
504 _aIncludes bibliographical references.
506 0 _aOpen Access
_fUnrestricted online access
_2star
588 _aDescription based on print version record.
650 0 _aPresidents
_zUnited States.
650 0 _aExecutive power
_zUnited States.
650 0 _aPresidents
_zMexico.
650 0 _aExecutive power
_zMexico.
655 7 _aElectronic books.
_2local
700 1 _aHernández Chávez, Alicia.
710 2 _aProject Muse.
_edistributor
830 0 _aSerie Estudios (Fideicomiso Historia de las Americas)
830 0 _aBook collections on Project MUSE.
856 4 0 _zFull text available:
_uhttps://muse.jhu.edu/book/74406/
999 _c26205
_d26205